Movie Taglines (A-Z) Quiz Stats

Quiz Updated May 27, 2013

Challenge
Share
Tweet
Embed
Score 0/26 Timer 06:00
0 Plays Today
Tag Line Movie Title % Correct
Houston, we have a problemApollo 13
95.5%
There are 3.7 trillion fish in the ocean. They’re looking for oneFinding Nemo
88.9%
He’s having the day of his life ... over and over againGroundhog Day
87.4%
For Harry and Lloyd Every Day is a No-brainer.Dumb and Dumber
85.5%
One dream. Four Jamaicans. Twenty below zeroCool Runnings
84.8%
An adventure 65 million years in the making Jurassic Park
80.4%
Work Sucks.Office Space
65.6%
What if this guy got you pregnant?Knocked Up
63.7%
They’re young ... they’re in love ... and they kill peopleBonnie and Clyde
63.4%
Someone has taken their love of scary movies, one step too far...Scream
60.7%
Earth. Take a good look. It might be your lastIndependence Day
60.6%
The classic story about a boy and his motherPsycho
59.9%
3% body fat. 1% brain activityZoolander
59.1%
Tag Line Movie Title % Correct
Nice planet. We’ll take it!Mars Attacks
58.4%
Trust a few. Fear the restX-Men
49%
Can the most famous film star in the world fall for just an ordinary guy?Notting Hill
45.1%
There can be only oneHighlander
38.3%
Can two friends sleep together and still love each other in the morning?When Harry Met Sally
38%
His story will touch you, even though he can’tEdward Scissorhands
37.8%
He wasn't the messiah. He was a very naughty boy.Life of Brian
35.1%
His whole life was a million-to-one shotRocky
32.6%
On September 19th, all Hell breaks loose.Underworld
30.8%
Their war. Our world.Transformers
28.5%
The scariest comedy of all time!Young Frankenstein
22%
The coast is toastVolcano
20.6%
Fifty million people watched but no one saw a thingQuiz Show
19.3%

You're not logged in!

Compare scores with friends on all Sporcle quizzes.
Join for Free
OR
Log In

You Might Also Like...

Show Comments

Extras

Top Quizzes Today


Score Distribution

Your Account Isn't Verified!

In order to create a playlist on Sporcle, you need to verify the email address you used during registration. Go to your Sporcle Settings to finish the process.

Report this User

Report this user for behavior that violates our Community Guidelines.

Details: